Word Ladder: Illegitimate Westerosi Children Quiz Stats

 Plays Quiz Updated Aug 27, 2017

     
Support Sporcle.
Go Orange.
Score 0/18 Timer 03:00
0 Plays Today
Clue 4-Letter Word % Correct
• Surname of a bastard in Dorne • • SAND •
89%
SpokenSAID
88.4%
Not yet succumbed to madnessSANE
86.4%
Seller's workplaceSHOP
85.7%
Common aspirin formPILL
84.8%
A heap, such as of dirty laundryPILE
84.7%
• Surname of a bastard in the North • • SNOW •
82.7%
'Game of Thrones' is an example of this TV programSHOW
81.8%
Went from the top of the slope to the bottomSLID
80.6%
Clue 4-Letter Word % Correct
A woman's undergarment SLIP
80.4%
Davos' 'The Black Betha', for exampleSHIP
80.3%
Westeros' 'Gods Eye' is this type of body of waterLAKE
77.1%
Where to put a decapitated headPIKE
73%
For the benefit ofSAKE
72.4%
Consider goodLIKE
71.8%
'Gomer ___, USMC' of TVPYLE
68.1%
• Surname of a bastard in the Iron Islands • • PYKE •
64.2%
• Surname of a bastard in the Westerlands • • HILL •
52.2%

Today's Daily Dose

From the Vault

Which Spock?

by dodokid

Movies 5m
They had to go ahead and put both of these guys in the same movie, didn't they?
Remove Ads.
Support Sporcle.
Get the best of Sporcle when you Go Orange. This ad-free experience offers more features, more stats, and more fun while also helping to support Sporcle. Thank you for becoming a member.

Show Comments

Extras

Top Quizzes Today


Score Distribution

Your Account Isn't Verified!

In order to create a playlist on Sporcle, you need to verify the email address you used during registration. Go to your Sporcle Settings to finish the process.

Report this User

Report this user for behavior that violates our Community Guidelines.

Details: